| 000 | 01159nam a2200229 a 4500 | ||
|---|---|---|---|
| 001 | 000021274 | ||
| 005 | 20241015140952.0 | ||
| 008 | 100903s2004 dr r 000 0 spa d | ||
| 020 | _a9993499706 | ||
| 040 |
_aDO-SdBNP _bspa _cBNPHU |
||
| 082 |
_a972.93053 _bH765e |
||
| 245 | 0 | 0 |
_aHomenaje a Emilio Cordero Michel / _cJosé Abreu Cardet ... [et al.]. |
| 260 |
_aSanto Domingo : _bAcademia Dominicana de la Historia, _c2004. |
||
| 300 |
_a247 p. ; _c21 cm. |
||
| 490 | 1 |
_aEstudios _v1 |
|
| 504 | _aBibliografía : p. 245-247 | ||
| 505 | 2 | _aEmilio Cordero Michel : la esencia de la furia -- Pueblo arriba -pueblo abajo: esbozo de la evolución de Duvergé durante el siglo XX. La iglesia católica y Trujillo. La carta pastoral de 1960 -- El desfile trujillista : despotismo y complicidad -- El comegente, una relación campesina al final del periodo colonial -- Algunos métodos y fuentes para la historia de la mentalidades -- Noticia bibliográfica de Emilio Cordero Michel. | |
| 590 | _aInventariado, 2018/BT | ||
| 600 | 1 | 0 |
_aCordero Michel, Emilio, _d1929-2018 _944029 |
| 830 | 0 |
_aEstudios _n1 _913150 |
|
| 910 | _aValidado. Control de calidad. MMOLINA | ||
| 999 |
_c20774 _d20774 |
||